00690nam a2200181 a 450000500170000000800410001702000180005805000240007610000180010024500890011826000430020730000240025044000300027450000500030452001090035465000230046365000220048620140412111308.0001115s19uu xx 00 eng d a1-85435-620-8 aREF 507bK46An 1997 aKerrod, Robin aLet's investigate science :cRobin Kerrod ; illustrated by Ted Evans.bAnimal life / aNew York :bMarshall Cavendish,c1997. a64 p. ; col. ; ill. aLet's inevstigate science aIncludes bibliographical references and index aInvestigate animal biology, examining themain animal groups and how they fit into different environments aAnimals -- Habitat aHabitat (Ecology)